00980nam a2200217 a 450000100100000000500170001000800410002704000250006808200160009310000300010924501180013926000320025730000280028950000320031750400740034959000750042370000510049804900090054995201870055899900170074500003582120200930074635.0111115s1978 sp a 001 0 spa d aDO-SdBNPbspacBNPHU axxxxbA441p1 aAllport, Gordon W.96178413aLa personalidad :bsu configuración y desarrollo /cGordon W. Allport ; prólogo Joaquín M. Aragó Mitjans. aBarcelona :bHerder,c1978. a691 p. :bil. ;c24 cm. aIncluye índice de nombres aIncluye referencias bibliográficas y notas al pie de las páginas. aPerteneció a la biblioteca personal de Juan Isidro Jimenes Grullón12aAragó Mitjans, Joaquín M.,epról.961785 aBNGR 001050718MOaGRbGRcCTd2011-11-15iLF1l0oxxxx A441pp35821-10r2020-06-25w2020-06-25y1zPerteneció a la biblioteca personal de Juan Isidro Jimenes GrullónZNo se presta c35312d35312